Museo de Pekín

में बचाया:
ग्रंथसूची विवरण
मुख्य लेखक: Fourcade, Francois (लेखक)
स्वरूप: पुस्तक
भाषा:स्पेनिश
प्रकाशित: Barcelona Labor 1968
विषय:
टैग: टैग जोड़ें
कोई टैग नहीं, इस रिकॉर्ड को टैग करने वाले पहले व्यक्ति बनें!

MARC

LEADER 00000nam a2200000 a 4500
001 UCT3538
003 CL-VaPUC
008 961024e19680400SP |||||||||||||||||spa|d
082 0 4 |a 790  |b FOU  |2 21 
100 0 |a Fourcade, Francois  |e author  |9 372470 
245 1 0 |a Museo de Pekín 
300 |a 183 p 
942 |c BK 
945 |d 19961024 00:00:00  |a paguirre 
260 |a Barcelona  |b Labor  |c 1968 
650 0 |a Museos  |9 269209 
650 7 |a MUSEOS NACIONALES  |2 CL-VaPUC  |9 372471 
650 7 |a COLECCIONES DE MUSEO  |2 CL-VaPUC  |9 362828 
650 7 |a INSTALACIONES DE MUSEOS  |2 CL-VaPUC  |9 372472 
650 7 |a GALERIAS DE ARTE  |2 CL-VaPUC  |9 372473 
651 7 |a PEKIN  |2 CL-VaPUC  |9 341262 
583 |a last modification  |c 19961024 00:00:00  |k Rodrigo Vera 
999 |c 253151  |d 253149 
952 |0 0  |1 0  |4 0  |6 790_000000000000000_FOU_1968  |7 0  |8 C  |9 273764  |a BIBCUR  |b BIBCUR  |d 2019-11-19  |i 1775995  |o 790 FOU 1968  |p 1775995  |r 2025-04-22  |w 2019-11-19  |y BK  |k BCB